Catálogo - Centro de Recursos para el Aprendizaje y la Investigación

Volver al Sitio - CRAI Biblioteca

Derecho constitucional. Volumen 1 / (Registro nro. 114232)

Detalles MARC
000 -CABECERA
campo de control de longitud fija 03204nam a2200301Ia 4500
001 - NÚMERO DE CONTROL
campo de control 114232
003 - IDENTIFICADOR DEL NÚMERO DE CONTROL
campo de control DR-UNIBE
005 - FECHA Y HORA DE LA ÚLTIMA TRANSACCIÓN
campo de control 20251124111555.0
008 - DATOS DE LONGITUD FIJA--INFORMACIÓN GENERAL
campo de control de longitud fija 251124b2003 dr ||||| |||| 00| 0 spa d
020 ## - NÚMERO INTERNACIONAL ESTÁNDAR DEL LIBRO
Número Internacional Estándar del Libro 9993495301 (volumen 1)
040 ## - FUENTE DE LA CATALOGACIÓN
Centro catalogador/agencia de origen BIBLIOTECA UNIBE
Centro/agencia transcriptor BIBLIOTECA UNIBE
Lengua de catalogación spa
041 ## - CÓDIGO DE LENGUA
Código de lengua del texto/banda sonora o título independiente spa
Código de lengua original spa
082 0# - NÚMERO DE LA CLASIFICACIÓN DECIMAL DEWEY
Número de clasificación RD 342.7293 J82d 2003
100 1# - ENTRADA PRINCIPAL--NOMBRE DE PERSONA
Nombre de persona Jorge Prats, Eduardo,
9 (RLIN) 8540
Fechas asociadas al nombre 1964-
Término indicativo de función/relación autor
245 10 - MENCIÓN DE TÍTULO
Título Derecho constitucional. Volumen 1 /
Mención de responsabilidad, etc. Eduardo Jorge Prats
250 ## - MENCIÓN DE EDICIÓN
Mención de edición Primera edición
260 ## - PUBLICACIÓN, DISTRIBUCIÓN, ETC.
Lugar de publicación, distribución, etc. Santo Domingo :
Nombre del editor, distribuidor, etc. Gaceta Judicial,
Fecha de publicación, distribución, etc. 2003
300 ## - DESCRIPCIÓN FÍSICA
Extensión volúmenes
490 ## - MENCIÓN DE SERIE
Mención de serie Gaceta Judicial. Colección Manuales
504 ## - NOTA DE BIBLIOGRAFÍA, ETC.
Nota de bibliografía, etc. Incluye referencias bibliográficas al final de cada capítulo e índice
505 0# - NOTA DE CONTENIDO CON FORMATO
Nota de contenido con formato Dedicatoria |<br/>Prólogo |<br/>PARTE I: CONSTITUCIÓN, CONSTITUCIONALISMO, DERECHO CONSTITUCIONAL Y ESTADO |<br/>Capítulo 1. Aproximación al constitucionalismo |<br/>Capítulo 2. Constitución y derecho constitucional |<br/>Capítulo 3. El poder constitucional |<br/>Capítulo 4. El Estado |<br/>PARTE II: METÓDICA CONSTITUCIONAL |<br/>Capítulo 5. La Constitución como norma |<br/>Capítulo 6. Constitución y ordenamiento jurídico |<br/>Capítulo 7. La Constitución como sistema abierto |<br/>Capítulo 8. La interpretación constitucional |<br/>PARETE III: EL CONTROL DE LA CONSTITUCIONALIDAD |<br/>Capítulo 9. Los modelos de control de constitucionalidad |<br/>Capítulo 10. El sistema dominicano de control de constitucionalidad |<br/>Capítulo 11. Las sentencias constitucionales |<br/>PARTE IV: EL DERECHO CONSTITUCIONAL DE LAS NORMAS |<br/>Capítulo 12. Las fuentes del derecho |<br/>Capítulo 13. Las fuentes internacionales y supranacionales |<br/>Capítulo 14. La ley |<br/>Capítulo 15. El reglamento |<br/>Capítulo 16. La jurisprudencia |<br/>Capítulo 17. La costumbre |<br/>PARTE V. LA REPÚBLICA DOMINICANA Y SUS PRINCIPIOS ESTRUCTURALES |<br/>Capítulo 18. El principio de la dignidad humana |<br/>Capítulo 19. El principio democrático |<br/>Capítulo 20. El principio republicano |<br/>Capítulo 21. El principio del estado de derecho |<br/>Capítulo 22. El principio del estado social |<br/>Capítulo 23. El principio del estado unitario |<br/>Capítulo 24. El principio del estado abierto al derecho internacional y a la integración americana |<br/>Índice analítico
520 3# - SUMARIO, ETC.
Sumario, etc. Esta obra parte del presupuesto de que el Derecho Constitucional permite la crítica del Derecho desde el Derecho mismo porque la Constitución, sobre todo, contiene normas que rigen la producción de normas, tanto a nivel formal o procesal como a nivel sustancial o de contenido. De ahí que el libro toma la Constitución en serio y no es permeado por el escepticismo de quienes invalidan la Constitución a partir de prácticas políticas o sociales. El Derecho Constitucional debe construir puentes entre la normatividad y la facticidad que acerquen las prácticas de instituciones, autoridades y ciudadanos a los preceptos constitucionales y que permitan revisar estos preceptos a la luz de estas prácticas.
650 #7 - PUNTO DE ACCESO ADICIONAL DE MATERIA--TÉRMINO DE MATERIA
Término de materia o nombre geográfico como elemento de entrada Derecho constitucional
9 (RLIN) 5528
Fuente del encabezamiento o término lemb
651 #7 - PUNTO DE ACCESO ADICIONAL DE MATERIA--NOMBRE GEOGRÁFICO
Fuente del encabezamiento o término lemb
Nombre geográfico República Dominicana
Subdivisión general Derecho constitucional
9 (RLIN) 5535
655 #7 - TÉRMINO DE INDIZACIÓN--GÉNERO/FORMA
Fuente del término lemb
Datos o término principal de género/forma Manuales
9 (RLIN) 194534
951 ## - EQUIVALENCIA O REFERENCIA-CRUZADA--NOMBRE GEOGRÁFICO/NOMBRE DE ÁREA [OBSOLETO] [solamente CAN/MARC]
Nombre geográfico 20101116 07:27:11
942 ## - ELEMENTOS DE PUNTO DE ACCESO ADICIONAL (KOHA)
Tipo de ítem Koha Libro (general)
Fuente del sistema de clasificación o colocación Sistema de Clasificación Decimal Dewey
Existencias
Estado de retiro Estado de pérdida Fuente del sistema de clasificación o colocación No para préstamo Código de colección Localización permanente Fecha de adquisición Total de préstamos Signatura topográfica completa Código de barras Fecha visto por última vez Número de copia Precio válido a partir de Tipo de ítem Koha
  Disponible Sistema de Clasificación Decimal Dewey   General - Libros dominicanos Biblioteca Central UNIBE 24/09/2025   RD 342.7293 J82d_2003 251099 24/11/2025 Vol. 1 Ej. 1 24/11/2025 Libro (general)